Literal Boys Names Quiz Stats

 Plays Quiz Updated Jul 21, 2020

Support Sporcle.
Go Orange.
Score 0/30 Timer 06:00
2 Plays Today
% Correct
Christian
89.8%
Miles
88.4%
Rich
87.2%
Dean
85.8%
Herb
83.7%
Frank
83.3%
Marshall
82.9%
Homer
79.6%
Harry
79.3%
Mark
79.1%
Bob
78.9%
Bill
76.6%
Owen
76.3%
Matt
76%
Will
75.4%
% Correct
Josh
74.4%
Rob
74.2%
Nick
73.5%
Norm
72.9%
Phil
71.7%
Grant
71.5%
Neil
69.9%
Don
65.1%
Mike
62.9%
Darren
59.5%
Peter
56.9%
Jimmy
55.3%
Barney
54.6%
Basil
52.6%
Claude
51.9%

From the Vault

'70s Movie Character Match

by beisaa

Movies 10m
In a galaxy far, far away; nobody can hear you scream.
Remove Ads.
Support Sporcle.
Get the best of Sporcle when you Go Orange. This ad-free experience offers more features, more stats, and more fun while also helping to support Sporcle. Thank you for becoming a member.

Show Comments

Extras

Top Quizzes Today


Score Distribution

Your Account Isn't Verified!

In order to create a playlist on Sporcle, you need to verify the email address you used during registration. Go to your Sporcle Settings to finish the process.

Report this User

Report this user for behavior that violates our Community Guidelines.

Details: